[Event "Pan American-ch Hybrid U12 Girls 31st"]
[Site "Tornelo INT"]
[Date "2021.09.04"]
[Round "7"]
[White "El Hage Serrano, Caely Dilsa"]
[Black "Marin Garrido, Carolina"]
[Result "1-0"]
[WhiteElo "1232"]
[BlackElo "1232"]
[PlyCount "131"]
[EventDate "2021.09.04"]
[EventType "swiss"]
[EventRounds "9"]
[EventCountry "NET"]
[SourceTitle "EXT 2023"]
[Source "ChessBase"]
[SourceDate "2022.10.05"]
[SourceVersion "1"]
[SourceVersionDate "2022.10.05"]
[SourceQuality "1"]

1. e4 e5 2. Nf3 Nc6 3. Bc4 Bc5 4. d3 Nf6 5. Nc3 d6 6. h3 a6 7. Bg5 h6 8. Bh4 Bd7 9. a3 Qe7 10. Nd5 Qd8 11. Bxf6 gxf6 12. Nh4 Be6 13. Qf3 Bxd5 14. Bxd5 Nd4 15. Qd1 c6 16. Ba2 Qd7 17. c3 Ne6 18. Bxe6 Qxe6 19. Nf5 Rg8 20. c4 Rxg2 21. Rf1 0-0-0 22. Qf3 Rdg8 23. Nxh6 R8g6 24. Ng4 Bxf2+ 25. Rxf2 Rg1+ 26. Rf1 Rxf1+ 27. Qxf1 d5 28. Qf5 dxc4 29. dxc4 Kd7 30. Rd1+ Ke7 31. Qxe6+ fxe6 32. Ke2 Rg5 33. Rf1 f5 34. exf5 exf5 35. Nxe5 Rg2+ 36. Rf2 Rg3 37. h4 Rh3 38. Kd2 Ke6 39. Ng6 Kf6 40. Nf8 Rxh4 41. Kc3 f4 42. Nd7+ Kf5 43. Nc5 Rh7 44. Nd3 Rh3 45. Rxf4+ Ke6 46. Rd4 Ke7 47. Kb4 b6 48. c5 Rh5 49. cxb6 Rb5+ 50. Ka4 c5 51. Rc4 Rxb6 52. Rxc5 Rd6 53. Nb4 Rd2 54. b3 Kd6 55. Rc6+ Kd7 56. Rxa6 Rd4 57. Kb5 Kc7 58. Rc6+ Kb7 59. Rc5 Rd1 60. a4 Rb1 61. Rc3 Ra1 62. a5 Ra3 63. a6+ Kb8 64. Kb6 Rxa6+ 65. Nxa6+ Ka8 66. Rc8# 1-0

[Event "Pan American-ch Hybrid U12 Girls 31st"]
[Site "Tornelo INT"]
[Date "2021.09.04"]
[Round "2"]
[White "Marin Garrido, Carolina"]
[Black "Azocar Gajardo, Javiera"]
[Result "1-0"]
[WhiteElo "1232"]
[BlackElo "1004"]
[PlyCount "131"]
[EventDate "2021.09.04"]
[EventType "swiss"]
[EventRounds "9"]
[EventCountry "NET"]
[SourceTitle "EXT 2023"]
[Source "ChessBase"]
[SourceDate "2022.10.05"]
[SourceVersion "1"]
[SourceVersionDate "2022.10.05"]
[SourceQuality "1"]

1. e4 e5 2. Nf3 Nc6 3. Bb5 Nge7 4. Nc3 g6 5. d4 exd4 6. Nd5 Bg7 7. Bg5 f6 8. Bxf6 Bxf6 9. Nxf6+ Kf8 10. Ng5 Kg7 11. Qf3 Rf8 12. Ngxh7 Ng8 13. Nxf8 Nxf6 14. Bxc6 dxc6 15. e5 Qe7 16. Qxf6+ Qxf6 17. exf6+ Kxf8 18. Rd1 c5 19. h4 Bf5 20. h5 Re8+ 21. Kd2 Kf7 22. hxg6+ Kxg6 23. Rde1 Rc8 24. Re5 b6 25. Re7 Kxf6 26. Ree1 Rg8 27. g3 Rg7 28. Rh6+ Kg5 29. Reh1 Bg4 30. Rh7 Kg6 31. Rxg7+ Kxg7 32. Rh4 Bf5 33. f4 Kg6 34. g4 Be4 35. g5 Kf7 36. c3 Ke6 37. Rh6+ Kf7 38. Rf6+ Kg7 39. Re6 Bd5 40. Re7+ Kg6 41. Rxc7 Bxa2 42. Rxa7 Bc4 43. Rb7 b5 44. Rc7 dxc3+ 45. bxc3 Kf5 46. Rxc5+ Kg6 47. Ke3 Kf7 48. Ke4 Kg6 49. Rxc4 bxc4 50. Kd5 Kf5 51. Kxc4 Ke6 52. Kd4 Kd6 53. c4 Ke6 54. c5 Kf5 55. c6 Ke6 56. c7 Kd7 57. g6 Kxc7 58. g7 Kb6 59. g8Q Kc7 60. f5 Kd7 61. f6 Kc6 62. f7 Kd7 63. f8Q Kc6 64. Qe6+ Kb5 65. Qc5+ Ka4 66. Qec4# 1-0

[Event "Pan American-ch Hybrid U12 Girls 31st"]
[Site "Tornelo INT"]
[Date "2021.09.04"]
[Round "8"]
[White "Marin Garrido, Carolina"]
[Black "Castillo Beitia, Ashley Alexandra"]
[Result "0-1"]
[WhiteElo "1232"]
[BlackElo "1543"]
[PlyCount "62"]
[EventDate "2021.09.04"]
[EventType "swiss"]
[EventRounds "9"]
[EventCountry "NET"]
[SourceTitle "EXT 2023"]
[Source "ChessBase"]
[SourceDate "2022.10.05"]
[SourceVersion "1"]
[SourceVersionDate "2022.10.05"]
[SourceQuality "1"]

1. e4 c5 2. Nf3 Nc6 3. d4 cxd4 4. Nxd4 g6 5. Nc3 Bg7 6. Be3 Nf6 7. f3 0-0 8. Qd2 d5 9. 0-0-0 dxe4 10. Nxc6 Qxd2+ 11. Rxd2 bxc6 12. Nxe4 Nd5 13. Rd3 Nxe3 14. Rxe3 Bh6 15. Kd2 Rd8+ 16. Ke2 Ba6+ 17. Kf2 Bxe3+ 18. Kxe3 Rd1 19. Ng3 Bxf1 20. Nxf1 Ra1 21. Kd3 Rd8+ 22. Kc4 Rdd1 23. Kc5 Rxf1 24. Rxf1 Rxf1 25. Kxc6 Rf2 26. Kd7 Rxc2 27. Kxe7 Rxb2 28. g4 Rxa2 29. h4 Re2+ 30. Kf6 h6 31. g5 Re6# 0-1

[Event "Pan American-ch Hybrid U12 Girls 31st"]
[Site "Tornelo INT"]
[Date "2021.09.04"]
[Round "4"]
[White "Marin Garrido, Carolina"]
[Black "Mayeregger Gonzalez, Fiorella Allegra"]
[Result "0-1"]
[WhiteElo "1232"]
[BlackElo "1074"]
[PlyCount "108"]
[EventDate "2021.09.04"]
[EventType "swiss"]
[EventRounds "9"]
[EventCountry "NET"]
[SourceTitle "EXT 2023"]
[Source "ChessBase"]
[SourceDate "2022.10.05"]
[SourceVersion "1"]
[SourceVersionDate "2022.10.05"]
[SourceQuality "1"]

1. e4 c5 2. Nf3 d6 3. Bb5+ Bd7 4. Bxd7+ Nxd7 5. d4 cxd4 6. Nxd4 Ngf6 7. Nc3 a6 8. 0-0 e6 9. Bg5 Be7 10. f4 Qb6 11. Na4 Qc7 12. Kh1 h6 13. Bh4 0-0 14. Qd3 b5 15. Nc3 Nc5 16. Qe3 b4 17. Bxf6 Bxf6 18. Nce2 Rfd8 19. Ng3 Nd7 20. Nh5 Rac8 21. Nxf6+ Nxf6 22. e5 Ng4 23. exd6 Qxd6 24. Qg3 Qxd4 25. Qxg4 Qxb2 26. f5 Qd4 27. Qh5 exf5 28. Qxf5 Qd7 29. Qe4 a5 30. Qe5 Qd5 31. Qe2 Qc4 32. Qf2 f6 33. Rfc1 Rc5 34. h3 Rcd5 35. Qb6 R8d6 36. Qb8+ Kh7 37. Qe8 Rd2 38. Qa4 Qe2 39. Rg1 R6d5 40. Rae1 Qf2 41. Ref1 Qg3 42. Rf3 Qc7 43. Rc1 Rg5 44. Rg1 Qxc2 45. Qe8 Rgxg2 46. Rxg2 Rxg2 47. Qb8 Rd2 48. Kg1 Rd1+ 49. Rf1 Qg6+ 50. Kf2 Qf5+ 51. Ke3 Qxf1 52. Qc7 Qe1+ 53. Kf3 Rd3+ 54. Kg2 Qe2+ 0-1